| 000 | 00301 a2200097 4500 | ||
|---|---|---|---|
| 001 | 58597 | ||
| 100 | _a | ||
| 245 | _aMohtarma Benazir Bhutto; Prime minister of pakistan (Speeches and statements) Dec,02,1988-july,19,1990 Volume-1 | ||
| 260 |
_aPakistan _bGovt of Pakistan _c2008 |
||
| 090 |
_c35952 _d35952 |
||
| 942 |
_aNUST-CAE _c _c28838 |
||
| 999 |
_c293670 _d293670 |
||